| 000 | 01053pam a2200325 a 4500 | ||
|---|---|---|---|
| 999 |
_c28562 _d28533 |
||
| 001 | 015635630 | ||
| 003 | EG-ScBUE | ||
| 005 | 20200816125415.0 | ||
| 008 | 100819t2011 nyu f bd 001 0 eng d | ||
| 020 | _a9781856047357 (pbk.) | ||
| 020 | _a9781555707200 | ||
| 035 | _a(UkCU)5220113 | ||
| 040 |
_aStDuBDS _beng _erda _cStDuBDS _dUk _dUkCU _dEG-ScBUE |
||
| 082 | 0 | 4 |
_a658.4038 _bDES _222 |
| 100 | 1 |
_aDesouza, Kevin C., _d1979- _eauthor. _939300 |
|
| 245 | 1 | 0 |
_aKnowledge management : _ban introduction / _cKevin C. Desouza, Scott Paquette. |
| 264 | 1 |
_aNew York, NY : _bNeal-Schuman Publishers, _c[2011] |
|
| 264 | 4 | _cc2011 | |
| 300 |
_axvi, 351 pages ; _c23 cm |
||
| 336 |
_atext _2rdacontent _btxt |
||
| 337 |
_aunmediated _2rdamedia _bn |
||
| 338 |
_avolume _2rdacarrier _bnc |
||
| 500 | _aIncludes glossary. | ||
| 504 | _aIncludes bibliographical references and index. | ||
| 650 | 7 |
_aKnowledge management. _2BUEsh |
|
| 653 |
_bBUSADM _cJuly2020 |
||
| 655 |
_vReading book _934232 |
||
| 700 | 1 |
_aPaquette, Scott, _eauthor. _93614 |
|
| 942 |
_2ddc _cBB |
||